MARC details
| 000 -CABECERA |
| campo de control de longitud fija |
01501nam a2200289Ia 4500 |
| 001 - NÚMERO DE CONTROL |
| campo de control |
2142 |
| 008 - DATOS DE LONGITUD FIJA--INFORMACIÓN GENERAL |
| campo de control de longitud fija |
230305s1999 xx 000 0 und d |
| 020 ## - NÚMERO INTERNACIONAL ESTÁNDAR DEL LIBRO |
| Número Internacional Estándar del Libro |
8436027577089 |
| 043 ## - CÓDIGO DE ÁREA GEOGRÁFICA |
| Código de área geográfica |
en_UK |
| 041 ## - CÓDIGO DE LENGUA |
| Código de lengua del texto/banda sonora o título independiente |
spa |
| 245 #0 - MENCIÓN DE TÍTULO |
| Título |
Todo sobre mi madre |
| 260 ## - PUBLICACIÓN, DISTRIBUCIÓN, ETC. |
| Lugar de publicación, distribución, etc. |
|
| Nombre del editor, distribuidor, etc. |
Cameo, |
| Fecha de publicación, distribución, etc. |
1999 |
| 300 ## - DESCRIPCIÓN FÍSICA |
| Extensión |
1 disco DVD |
| 505 ## - NOTA DE CONTENIDO CON FORMATO |
| Nota de contenido con formato |
Extras: ficha artística y ficha técnica. |
| 520 ## - SUMARIO, ETC. |
| Sumario, etc. |
La noche que un coche atropelló a su hijo Esteban, Manuela lloró hasta quedar totalmente seca. Y lejos de ver con claridad, el presente y el futuro se confunden en la misma oscuridad. Esa misma noche, mientras espera en el hospital, lee las últimas líneas que su hijo ha escrito en un block de notas del que nunca se separa. 'Esta mañana busqué en la habitación de mi madre hasta encontrar un fajo de fotos. A todas les faltaba la mitad. Mi padre, supongo. Tengo la impresión de que a mi vida le falta ese mismo trozo. Quiero conocerle, no me importa quién sea, ni cómo se haya portado con mamá. Nadie puede quitarme ese derecho...'. |
| 590 ## - NOTA LOCAL (RLIN) |
| Procedencia (VM) [OBSOLETO] |
Idiomas disponibles: inglés, castellano y alemán. Subtítulos disponibles en castellano para sordos |
| 650 #0 - PUNTO DE ACCESO ADICIONAL DE MATERIA--TÉRMINO DE MATERIA |
| Término de materia o nombre geográfico como elemento de entrada |
Feature films |
| 9 (RLIN) |
26078 |
| 700 ## - ENTRADA AGREGADA--NOMBRE PERSONAL |
| Nombre de persona |
Almodóvar, Pedro, |
| Término indicativo de función/relación |
Author |
| 9 (RLIN) |
21803 |
| 856 ## - LOCALIZACIÓN Y ACCESO ELECTRÓNICOS |
| Identificador Uniforme del Recurso |
<a href="https://www.imdb.com/title/tt0185125/?ref_=fn_al_tt_1">https://www.imdb.com/title/tt0185125/?ref_=fn_al_tt_1</a> |
| 902 ## - ELEMENTOS DE DATOS B LOCAL, LDB (RLIN) |
| a |
178 |
| 905 ## - ELEMENTOS DE DATOS E LOCAL, LDE (RLIN) |
| a |
m |
| 911 ## - EQUIVALENCIA O REFERENCIA-CRUZADA-NOMBRE DE CONFERENCIA O REUNIÓN/CONGRESO [LOCAL, CANADÁ] |
| Nombre de congreso/reunión o jurisdicción como elemento de entrada |
https://biblioteca.tbs-education.es/portadas/8436027577089.jpg |
| 912 ## - |
| -- |
1999-01-01 |
| 942 ## - ELEMENTOS DE ENTRADA AGREGADA (KOHA) |
| Código de la institución [OBSOLETO] |
1 |
| 953 ## - |
| -- |
2018-04-26 14:56:08 |